|
|
|
|
| LEADER |
00000cam a2200000 i 4500 |
| 001 |
1/49189 |
| 008 |
040220s1994 gr | ||| |||| ||gre|| |
| 020 |
|
|
|a 9963783619
|
| 035 |
|
|
|l 10072374
|
| 040 |
|
|
|a GR-MyUA
|b gre
|e AACR2
|
| 041 |
0 |
|
|a gre
|
| 082 |
0 |
|
|a 938.9854
|
| 100 |
1 |
|
|a Αναστασιάδου, Δέσποινα.
|
| 245 |
1 |
0 |
|a Ωρες αναμονής /
|c Δέσποινα Αναστασιάδου.
|
| 260 |
|
|
|a Λευκωσία :
|b [χ.ο.],
|c 1994.
|
| 300 |
|
|
|a 162 σ. ;
|c 23 εκ.
|
| 651 |
|
0 |
|a Cyprus
|x History
|y Cyprus Crisis, 1974-
|x Personal narratives.
|
| 852 |
|
|
|a INST
|b SAMOS
|e 20040220
|h 938.9854 ΑΝΑ
|p 005300023444
|q 005300023444
|t BK
|y 0
|
| 901 |
|
|
|a BIBL3-2004-1
|
| 909 |
|
|
|a Σ
|b 099425
|
| 970 |
|
|
|a ΚΟΣΙΕΡΗΣ
|b ΧΡΗΣΤΟΣ
|z 2004/02/20
|